| 000 | 00399pab a2200157 454500 | ||
|---|---|---|---|
| 008 | 180718b1971 xxu||||| |||| 00| 0 eng d | ||
| 100 | _aGupta, Shibshankar P. | ||
| 245 | _aScale effects on efficiency in the provision of municipal services | ||
| 260 | _c1971 | ||
| 300 | _ap.44-52. | ||
| 362 | _aOct-Dec | ||
| 650 | _aPublic utilities | ||
| 773 | _aNagarlok | ||
| 908 | _aN | ||
| 909 | _a102701 | ||
| 999 |
_c102699 _d102699 |
||